[Event "SRI-ch (Women)"]
[Site "Colombo"]
[Date "2023.03.27"]
[Round "6"]
[White "Akuratiya, AG Javindi Avarjana"]
[Black "Abeysinghe, HMH Janandani"]
[Result "0-1"]
[WhiteElo "1267"]
[BlackElo "1428"]
[PlyCount "120"]
[EventDate "2023.03.25"]
[EventType "tourn"]
[EventRounds "13"]
[EventCountry "SRI"]
[SourceTitle "CBM 213 Extra"]
[Source "ChessBase"]
[SourceDate "2023.05.31"]
[SourceVersion "1"]
[SourceVersionDate "2023.05.31"]
[SourceQuality "1"]

1. d4 Nf6 2. c4 e6 3. Nc3 d5 4. cxd5 exd5 5. Bg5 Nbd7 6. Nf3 c6 7. e3 h6 8. Bh4 Be7 9. Bd3 0-0 10. 0-0 Re8 11. Ne5 Nxe5 12. dxe5 Ng4 13. Bg3 Bb4 14. Qd2 Nxe5 15. Bxe5 Rxe5 16. f4 Re8 17. Rf3 d4 18. exd4 Qxd4+ 19. Kh1 Bf5 20. a3 Bxc3 21. bxc3 Qd5 22. Qc2 Bxd3 23. Rxd3 Qe4 24. Qd2 c5 25. Rg1 b6 26. Rd7 Qe3 27. Qd5 Qxf4 28. c4 Qf6 29. Rd1 Qe6 30. h3 Qxd5 31. cxd5 Red8 32. Rxd8+ Rxd8 33. g4 Kf8 34. Kg2 Ke7 35. Kf3 Kd6 36. a4 Re8 37. h4 Re5 38. Ra1 Rxd5 39. Ke4 Rd4+ 40. Kf3 a6 41. Rb1 Kc6 42. Ra1 b5 43. axb5+ axb5 44. g5 Rxh4 45. gxh6 Rxh6 46. Ke3 Rd6 47. Ra6+ Kd5 48. Ra1 c4 49. Rd1+ Kc5 50. Rg1 g6 51. Rf1 f5 52. Kf4 c3 53. Kg5 b4 54. Rc1 Kc4 55. Rf1 b3 56. Rf4+ Rd4 57. Rf1 Rg4+ 58. Kh6 b2 59. Kh7 c2 60. Kg7 b1Q 0-1

[Event "SRI-chB (Women)"]
[Site "Colombo"]
[Date "2023.03.11"]
[Round "9"]
[White "Newansa, M Esandi"]
[Black "Akuratiya, AG Javindi Avarjana"]
[Result "0-1"]
[WhiteElo "1576"]
[BlackElo "1267"]
[PlyCount "114"]
[EventDate "2023.03.04"]
[EventType "swiss"]
[EventRounds "11"]
[EventCountry "SRI"]
[SourceTitle "CBM 213 Extra"]
[Source "ChessBase"]
[SourceDate "2023.05.31"]
[SourceVersion "1"]
[SourceVersionDate "2023.05.31"]
[SourceQuality "1"]

1. d4 Nf6 2. Bf4 b6 3. e3 Bb7 4. Nf3 e6 5. c3 Be7 6. Nbd2 Nh5 7. Bg3 d6 8. Bd3 Nd7 9. Qc2 h6 10. a4 Nxg3 11. hxg3 c5 12. dxc5 Nxc5 13. Bb5+ Nd7 14. a5 a6 15. Bxd7+ Qxd7 16. axb6 Bd8 17. Qb3 Rb8 18. Nc4 0-0 19. 0-0-0 Bd5 20. Qb4 Bxc4 21. Ne5 Qb7 22. Nxc4 d5 23. Ne5 Bxb6 24. Rh5 a5 25. Qa3 Bc5 26. Qa2 a4 27. Nd3 Bd6 28. Qxa4 e5 29. Kd2 Ra8 30. Qc2 d4 31. f3 e4 32. fxe4 Qxe4 33. Re1 Qxg2+ 34. Kd1 Ra1+ 35. Nc1 Qxg3 36. Rhh1 dxe3 37. Rhg1 Qe5 38. Re2 Be7 39. Rg4 Rd8+ 40. Ke1 Bh4+ 41. Kf1 Qf6+ 42. Kg2 h5 43. Ra4 Qc6+ 44. Re4 Qg6+ 45. Kh1 Rxc1+ 46. Qxc1 Qxe4+ 47. Kh2 Qf4+ 48. Kg2 Qg4+ 49. Kf1 Qf3+ 50. Kg1 Qxe2 51. Qf1 Rd1 52. Qxd1 Qxd1+ 53. Kh2 Qe2+ 54. Kh3 Qg4+ 55. Kh2 Bf2 56. b4 Qg3+ 57. Kh1 Qg1# 0-1

[Event "SRI-ch U14 Girls"]
[Site "Maharaga"]
[Date "2020.08.30"]
[Round "4"]
[White "Ramanayake, Nemindi Linaya"]
[Black "Akuratiya, AG Javindi Avarjana"]
[Result "0-1"]
[WhiteElo "1339"]
[BlackElo "1221"]
[PlyCount "98"]
[EventDate "2020.08.29"]
[EventType "tourn"]
[EventRounds "11"]
[EventCountry "SRI"]
[SourceTitle "EXT 2022"]
[Source "ChessBase"]
[SourceDate "2021.10.06"]
[SourceVersion "1"]
[SourceVersionDate "2021.10.06"]
[SourceQuality "1"]

1. d4 Nf6 2. Bf4 g6 3. Nf3 Bg7 4. e3 d6 5. Bd3 Bd7 6. Nbd2 Nc6 7. a3 a6 8. c4 Nh5 9. Bg5 h6 10. Bh4 g5 11. Bg3 Bg4 12. Qb3 Nxg3 13. hxg3 Rb8 14. Rc1 e5 15. d5 Ne7 16. Qa2 f5 17. e4 f4 18. gxf4 exf4 19. b4 b6 20. Qc2 Ng8 21. c5 bxc5 22. bxc5 a5 23. Qa4+ Bd7 24. c6 Bg4 25. Qxa5 Ra8 26. Qb4 Rb8 27. Bb5 Qe7 28. 0-0 Bxf3 29. Nxf3 g4 30. Nd4 Be5 31. Nf5 Qg5 32. Qa5 Rh7 33. Rb1 f3 34. Qa7 Rd8 35. Ng3 Qh4 36. Qe3 Rf7 37. Bc4 fxg2 38. Kxg2 Qh3+ 39. Kg1 Rf3 40. Qe2 Bxg3 41. fxg3 Rxg3+ 42. Kf2 Rg2+ 43. Ke1 Rxe2+ 44. Bxe2 Ra8 45. a4 Rxa4 46. Rb8+ Ke7 47. Rxg8 Qg3+ 48. Rf2 Ra1+ 49. Bd1 Qg1+ 0-1

[Event "SRI-ch U14 Girls"]
[Site "Maharaga"]
[Date "2020.08.30"]
[Round "2"]
[White "Sanudula, KM Dahamdi"]
[Black "Akuratiya, AG Javindi Avarjana"]
[Result "1-0"]
[WhiteElo "1457"]
[BlackElo "1221"]
[PlyCount "73"]
[EventDate "2020.08.29"]
[EventType "tourn"]
[EventRounds "11"]
[EventCountry "SRI"]
[SourceTitle "EXT 2022"]
[Source "ChessBase"]
[SourceDate "2021.10.06"]
[SourceVersion "1"]
[SourceVersionDate "2021.10.06"]
[SourceQuality "1"]

1. d4 Nf6 2. e3 g6 3. Bd3 Bg7 4. f4 d6 5. Nf3 Bd7 6. 0-0 Nc6 7. c3 a6 8. e4 e5 9. d5 Ne7 10. fxe5 dxe5 11. Nxe5 0-0 12. Nxd7 Nxd7 13. c4 Bd4+ 14. Kh1 Bg7 15. Nc3 c6 16. Bg5 f6 17. Bh4 Ne5 18. Rb1 Qd7 19. Be2 Kh8 20. Na4 Rad8 21. Nc5 Qc8 22. Ne6 cxd5 23. cxd5 Rfe8 24. Nxg7 Kxg7 25. Bxf6+ Kg8 26. Bxe5 Nxd5 27. Bg4 Qc6 28. exd5 Rxd5 29. Qb3 Rexe5 30. Bf3 a5 31. Rbd1 Kh8 32. Bxd5 Rxd5 33. Rxd5 a4 34. Rd8+ Kg7 35. Qf7+ Kh6 36. Qf4+ Kg7 37. Qf8# 1-0

[Event "SRI-ch U14 Girls"]
[Site "Maharaga"]
[Date "2020.08.30"]
[Round "10"]
[White "Wilvalaarachchi, Oneli Omaya"]
[Black "Akuratiya, AG Javindi Avarjana"]
[Result "1-0"]
[WhiteElo "1378"]
[BlackElo "1221"]
[PlyCount "93"]
[EventDate "2020.08.29"]
[EventType "tourn"]
[EventRounds "11"]
[EventCountry "SRI"]
[SourceTitle "EXT 2022"]
[Source "ChessBase"]
[SourceDate "2021.10.06"]
[SourceVersion "1"]
[SourceVersionDate "2021.10.06"]
[SourceQuality "1"]

1. d4 Nf6 2. c4 g6 3. Nc3 Bg7 4. e4 d6 5. h3 c5 6. Nf3 a6 7. Be3 cxd4 8. Nxd4 Bd7 9. Be2 Nc6 10. 0-0 h6 11. f4 Qc8 12. Nxc6 bxc6 13. e5 dxe5 14. fxe5 Nh7 15. Na4 Qb7 16. Nc5 Qc7 17. Nxd7 Qxd7 18. Qxd7+ Kxd7 19. Rad1+ Ke8 20. Bf3 Rc8 21. e6 f5 22. Bb6 Bxb2 23. Bxc6+ Kf8 24. Bd5 Kg7 25. c5 a5 26. Bb7 Rb8 27. c6 Be5 28. Rc1 a4 29. Ba7 Bc7 30. Bxb8 Rxb8 31. Rc4 a3 32. Ra4 Ng5 33. Re1 Ne4 34. Rxa3 Bb6+ 35. Kf1 Rd8 36. Rc1 Bc7 37. Ke1 Rd2 38. Rd1 Rxg2 39. Rd7 Rg1+ 40. Ke2 Rg2+ 41. Kf1 Rf2+ 42. Ke1 Bb6 43. c7 Rb2 44. c8Q Rb1+ 45. Ke2 Rb2+ 46. Kd1 Rb1+ 47. Kc2 1-0

[Event "Asian Schools-ch 14th U11 Girls"]
[Site "Waskaduwa"]
[Date "2018.07.10"]
[Round "3.1"]
[White "Rui, Yueyue"]
[Black "Akuratiya, AG Javindi Avarjana"]
[Result "1-0"]
[WhiteElo "1271"]
[BlackElo "1165"]
[PlyCount "135"]
[EventDate "2018.07.09"]
[EventType "swiss"]
[EventRounds "9"]
[EventCountry "SRI"]
[SourceTitle "EXT 2024"]
[Source "ChessBase"]
[SourceDate "2023.10.10"]
[SourceVersion "1"]
[SourceVersionDate "2023.10.10"]
[SourceQuality "1"]

1. e4 c5 2. Nf3 d6 3. d4 cxd4 4. Nxd4 Nf6 5. Nc3 a6 6. Be3 e5 7. Nb3 Nc6 8. f3 Be7 9. Qd2 Be6 10. g4 d5 11. g5 d4 12. gxf6 dxe3 13. Qxd8+ Bxd8 14. fxg7 Rg8 15. Rg1 Bh4+ 16. Kd1 Bf2 17. Rh1 Bxb3 18. axb3 Rxg7 19. Nd5 Rd8 20. Bd3 Kf8 21. c3 Ne7 22. Ra5 b5 23. c4 bxc4 24. bxc4 Rg6 25. b3 Rgd6 26. Kc1 Nxd5 27. Rxd5 Rxd5 28. exd5 Ke7 29. Kd1 h6 30. Be4 a5 31. Ke2 Kd6 32. Ra1 Ra8 33. b4 a4 34. c5+ Kd7 35. b5 Ra5 36. Bf5+ Kc7 37. d6+ Kb7 38. c6+ Kb6 39. c7 Ra8 40. c8Q Rxc8 41. Bxc8 Kxb5 42. Bd7+ Kc5 43. Rd1 a3 44. Bc8 a2 45. d7 Bh4 46. Kxe3 Bg5+ 47. Ke4 Bf6 48. Bb7 Kb4 49. Bd5 Ka3 50. Bxf7 Bd8 51. Ra1 Kb2 52. Rxa2+ Kc3 53. Kxe5 Bc7+ 54. Ke6 Bd8 55. Ra8 Bh4 56. d8Q Bxd8 57. Rxd8 Kc4 58. Be8 Kc3 59. f4 Kc2 60. f5 Kc3 61. f6 Kc4 62. f7 Kc3 63. f8Q Kc4 64. Rc8+ Kd3 65. Qf4 Ke2 66. Rc2+ Ke1 67. Qf2+ Kd1 68. Bh5# 1-0